The Sri Lankan woman: (Record no. 4557)

MARC details
000 -LEADER
fixed length control field 00504nam a2200157 4500
005 - DATE AND TIME OF LATEST TRANSACTION
control field 20231225112005.0
008 - FIXED-LENGTH DATA ELEMENTS--GENERAL INFORMATION
fixed length control field 231225b |||||||| |||| 00| 0 eng d
020 ## - ISBN
ISBN 9555776237
082 ## - DEWEY DECIMAL CLASSIFICATION NUMBER
Classification number 305.42
Item number SRI
942 ## - ADDED ENTRY ELEMENTS (KOHA)
Item Type Reports
110 ## - MAIN ENTRY--CORPORATE NAME
Corporate Name Sri Lanka, Department of census & statistics
245 ## - TITLE STATEMENT
Title The Sri Lankan woman:
Sub Title partner in progress 2007
260 ## - PUBLICATION, DISTRIBUTION, ETC. (IMPRINT)
Place of Publication Colombo:
Name of Publisher Department of census & statistics
Date of Copyright 2007
300 ## - PHYSICAL DESCRIPTION
Extent 170 p. : color ill.; 22 cm
650 ## - SUBJECT ADDED ENTRY--TOPICAL TERM
Topical Term Women in development- Sri Lanka- Statistics
Holdings
Withdrawn status Lost status Source of classification or shelving scheme Damaged status Not for loan Permanent location Current location Date acquired Total Checkouts Full call number Barcode Date last seen Price effective from Koha item type
    Dewey Decimal Classification     Resource center, Muslim Women's Research And Action Forum Resource center, Muslim Women's Research And Action Forum 2023-12-25   305.42 SRI RAF4617 2023-12-25 2023-12-25 Reports

Copyright © 2023 Muslim Women's Research and Action Forum (MWRAF), No 27/3, Anderson Road, Kalubowila, Dehiwela. Funded by The Asia Fundation